000 00468nam a2200145Ia 4500
003 OSt
005 20260128122423.0
008 211028s2018 xx 000 0 und d
040 _cAIMIT LIBRARY
041 _aeng
100 _aShanbhag, Anjali; Dias, Beena.
_g1616016
_97773
245 _aStudy on effective performance appraisal of the employees in the Ganesh soap and detergents industry Shirali /
260 _aMangalore
_bRowena Wright.
_c2018
942 _2ddc
_cPRO
999 _c219341
_d219341